<?xml version="1.0" encoding="UTF-8"?>
<marc:record xmlns:marc="http://www.loc.gov/MARC21/slim">
   <marc:leader>00000nam a2200000 a 4500</marc:leader>
   <marc:datafield ind1="0" ind2="0" tag="245">
      <marc:subfield code="a">Immer dieser Michel.</marc:subfield>
   </marc:datafield>
   <marc:datafield ind1=" " ind2="1" tag="264">
      <marc:subfield code="a">Hamburg</marc:subfield>
      <marc:subfield code="b">Verlag Friedrich Oetinger</marc:subfield>
      <marc:subfield code="c">1988</marc:subfield>
   </marc:datafield>
   <marc:datafield ind1="1" ind2=" " tag="520">
      <marc:subfield code="a">Michel, fünf Jahre alt und stak wie ein kleiner Ochse, lebt auf dem Hof Katthult in Lönneberga, das ist ein Dorf in Smaland in Süfschweden. Auf Katthult gab es Pferde und Kühe und Schweine und Schafe und Hühner und eine Katze und einen Hund, aber was es am allermeisten gab, das war dieser Michel. Mit seinen runden blauen Augen und dem hellen wolligen Haar konnte man ihn zwar für einen Engel halten - wenn er schlief, aber wenn er nicht schlief, dann hatte er mehr Unsinn im Sinn als irgendein anderer Junge in Lanz Lönneberga oder ganz Smaland oder ganz Schweden oder vielleicht sogar auf der ganzen Welt.</marc:subfield>
   </marc:datafield>
   <marc:datafield ind1=" " ind2=" " tag="020">
      <marc:subfield code="a">9783789129469</marc:subfield>
      <marc:subfield code="9">9783789129469</marc:subfield>
   </marc:datafield>
   <marc:datafield ind1=" " ind2=" " tag="020">
      <marc:subfield code="a">3789129461</marc:subfield>
      <marc:subfield code="9">3789129461</marc:subfield>
   </marc:datafield>
   <marc:datafield ind1=" " ind2=" " tag="041">
      <marc:subfield code="a">ger</marc:subfield>
   </marc:datafield>
   <marc:datafield ind1=" " ind2=" " tag="338">
      <marc:subfield code="a">Band</marc:subfield>
   </marc:datafield>
   <marc:datafield ind1=" " ind2=" " tag="300">
      <marc:subfield code="a">359 S.</marc:subfield>
   </marc:datafield>
</marc:record>
